01216nam a2200325Ia 4500001001200000003000800012006001900020007001500039008004100054010001700095020004300112020004000155040002100195035002100216050002500237082001700262245008600279250001200365260004400377300001600421504005100437533015200488650002500640650001500665655002900680700002100709710001700730856012600747999001700873ebr10309149CaPaEBRm u cr cn|||||||||081031s2009 nyu sb 001 0 eng d z 2008047998 z9781933864228 (hardcover : alk. paper) z1933864222 (hardcover : alk. paper) aCaPaEBRcCaPaEBR a(OCoLC)42455482614aRJ486.5b.C45 2009eb04a618.92/822200aClinical pediatric neurologyh[electronic resource] /cedited by Ronald B. David. a3rd ed. aNew York :bDemos Medical Pub.,cc2009. axvi, 622 p. aIncludes bibliographical references and index. aElectronic reproduction.bPalo Alto, Calif. :cebrary,d2009.nAvailable via World Wide Web.nAccess may be limited to ebrary affiliated libraries. 0aPediatric neurology. 0aNeurology. 7aElectronic books.2local1 aDavid, Ronald B.2 aebrary, Inc.40uhttp://site.ebrary.com/lib/rucke/Doc?id=10309149zAn electronic book accessible through the World Wide Web; click to view c61178d61178